Normal view
MARC view
Entry Personal Name
001 - CONTROL NUMBER
- control field: 25016
003 - CONTROL NUMBER IDENTIFIER
- control field: dpl
005 - DATE AND TIME OF LATEST TRANSACTION
- control field: 20101221121544.0
008 - FIXED-LENGTH DATA ELEMENTS
- fixed length control field: 101221|||a|||||| | ||| d
040 ## - CATALOGING SOURCE
- Original cataloging agency: dpl
- Transcribing agency: dpl
100 ## - HEADING--PERSONAL NAME
- Personal name: महरोत्रा, रमेश चंद्र
670 ## - SOURCE DATA FOUND
- Source citation: Work cat.: (dpl)39629: महरोत्रा, रमेश चंद्र, आड़ी-टेढ़ी बात /, 2010
670 ## - SOURCE DATA FOUND
- Source citation: Work cat.: (dpl)39629: महरोत्रा, रमेश चंद्र, आड़ी-टेढ़ी बात /, 2010
